Normal view
MARC view
- Irving L. Kosow
Entry Personal Name
001 - CONTROL NUMBER
- control field: 124864
003 - CONTROL NUMBER IDENTIFIER
- control field: NUST
005 - DATE AND TIME OF LATEST TRANSACTION
- control field: 20240730113918.0
008 - FIXED-LENGTH DATA ELEMENTS
- fixed length control field: 240730|| aca||aabn | a|a d
040 ## - CATALOGING SOURCE
- Original cataloging agency: NUST
- Transcribing agency: NUST
100 ## - HEADING--PERSONAL NAME
- Personal name: Irving L. Kosow
670 ## - SOURCE DATA FOUND
- Source citation: Work cat.: (NUST): Irving L. Kosow, Electric Machinery and Transformer's , 1991.
